LIBRARY & INFORMATION CENTRE, KCAET, TAVANUR

ONLINE PUBLIC ACCESS CATALOGUE (OPAC)

Controlled atmosphere storage of fruits / (Record no. 1527)

MARC details
000 -LEADER
fixed length control field 00597cam a2200229ua 4500
041 ## - LANGUAGE CODE
Language code of text/sound track or separate title eng
082 ## - DEWEY DECIMAL CLASSIFICATION NUMBER
Classification number 664.028
Item number MET/CO
100 ## - MAIN ENTRY--AUTHOR NAME
Personal name Metlitskii, L.V .
245 ## - TITLE STATEMENT
Title Controlled atmosphere storage of fruits /
250 ## - EDITION STATEMENT
Edition statement 1 /
260 ## - PUBLICATION, DISTRIBUTION, ETC. (IMPRINT)
Place of publication New Delhi :
Name of publisher Amerind Publishing Co Pvt Ltd ,
Year of publication 1983.
300 ## - PHYSICAL DESCRIPTION
Number of Pages 150 ; .
700 1# - ADDED ENTRY--PERSONAL NAME
Personal name Bondarev, V.I .
700 1# - ADDED ENTRY--PERSONAL NAME
Personal name Salkova, E.G .
700 1# - ADDED ENTRY--PERSONAL NAME
Personal name Volkind, N.L .
700 1# - ADDED ENTRY--PERSONAL NAME
Personal name Yanyuk, V.Y .
942 ## - ADDED ENTRY ELEMENTS (KOHA)
Koha item type Books
Holdings
Withdrawn status Lost status Damaged status Home library Current library Date acquired Full call number Accession Number Koha item type
      KAUAET KAUAET 28/03/1987 664.028 16303 Books
free website counter